[Event "Lichtenberger Sommer"]
[Site "Berlin"]
[Date "2009.08.21"]
[Round "7.13"]
[White "Heuser, Philip"]
[Black "Richter, Michael"]
[Result "1/2-1/2"]
[WhiteElo "2081"]
[BlackElo "2427"]
[PlyCount "110"]
[EventDate "2009.??.??"]
[WhiteTeam "SG Heidelberg-Kirchheim"]
[BlackTeam "Schachpinguine Berlin e.V."]

1. d4 d5 2. c4 e6 3. Nc3 c6 4. cxd5 exd5 5. Qc2 Bd6 6. Nf3 Ne7 7. Bg5 f6 8. Bh4
Bf5 9. Qd2 O-O 10. e3 Nd7 11. Bd3 Bxd3 12. Qxd3 Ng6 13. Bg3 Qe7 14. O-O f5 15.
Rfe1 Nb6 16. Qc2 Bxg3 17. hxg3 Nc8 18. Ne2 Nd6 19. Nf4 Nxf4 20. gxf4 Ne4 21. g3
a5 22. Kg2 a4 23. a3 Ra5 24. Rab1 Rfa8 25. Ne5 Rb5 26. Nd3 g6 27. f3 Nd6 28.
Nc5 Rba5 29. e4 dxe4 30. fxe4 Qf7 31. e5 Qd5+ 32. Kh3 Nb5 33. Nxb7 Nxd4 34. Qc3
g5 35. fxg5 Rb5 36. Red1 c5 37. Nxc5 Rd8 38. Ne6 Qxe6 39. Rxd4 f4+ 40. Kh4 Rc8
41. Qd3 Rxe5 42. Rd8+ Rxd8 43. Qxd8+ Kg7 44. Rd1 fxg3 45. Qd7+ Qxd7 46. Rxd7+
Kg6 47. Rd6+ Kf5 48. Kxg3 Kxg5 49. Rd4 Re3+ 50. Kf2 Rb3 51. Rxa4 Rxb2+ 52. Kg3
Rb3+ 53. Kg2 h5 54. Ra5+ Kg4 55. Ra4+ Kg5 1/2-1/2

[Event "Lichtenberger Sommer"]
[Site "Berlin"]
[Date "2009.08.21"]
[Round "7.14"]
[White "Vogel, Robert"]
[Black "Welz, Peter"]
[Result "1-0"]
[WhiteElo "2318"]
[BlackElo "2101"]
[PlyCount "105"]
[EventDate "2009.??.??"]
[WhiteTeam "SGem Pang/Rosenheim"]
[BlackTeam "SV Empor Berlin e.V."]

1. d4 f5 2. Nc3 Nf6 3. f3 d5 4. Bg5 c6 5. Qd2 h6 6. Bh4 Nbd7 7. O-O-O b5 8. e4
Nb6 9. exf5 b4 10. Nb1 a5 11. Bd3 Nc4 12. Qe2 Qb6 13. Bf2 Ba6 14. Nh3 a4 15.
Nf4 b3 16. cxb3 axb3 17. a3 O-O-O 18. Ne6 Rd7 19. Nd2 Ra7 20. Nxc4 dxc4 21.
Bxc4 Nd5 22. Bxa6+ Rxa6 23. Qc4 h5 24. Rd3 g6 25. Rxb3 Bh6+ 26. Kb1 Qa5 27. Be1
Qa4 28. Qxa4 Rxa4 29. Bg3 Ra8 30. fxg6 Rg8 31. g7 Bxg7 32. Nf4 Nxf4 33. Bxf4
Bxd4 34. Re1 Rg7 35. Be5 Bxe5 36. Rxe5 h4 37. Re4 Rxg2 38. Rxh4 Ra5 39. Re4
Rxh2 40. Rxe7 Rd5 41. Rbb7 Rd1+ 42. Ka2 Rc1 43. Rec7+ Kd8 44. Rg7 Kc8 45. Rbf7
Rh8 46. f4 Rf1 47. a4 Rd1 48. Ka3 Rd4 49. a5 Rh3+ 50. b3 Rf3 51. Rg8+ Rd8 52.
Rxd8+ Kxd8 53. a6 1-0

[Event "Lichtenberger Sommer"]
[Site "Berlin"]
[Date "2009.08.21"]
[Round "7.15"]
[White "Costello, Colin"]
[Black "Plump, Detlef"]
[Result "1/2-1/2"]
[WhiteElo "2038"]
[BlackElo "2256"]
[PlyCount "55"]
[EventDate "2009.??.??"]
[WhiteTeam "SC Weisse Dame e.V."]
[BlackTeam "Chessclub York"]

1. c4 c5 2. Nc3 b6 3. Nf3 Bb7 4. e3 Nf6 5. d4 cxd4 6. exd4 e6 7. Bd3 Be7 8. O-O
O-O 9. b3 d5 10. Bb2 Nc6 11. Rc1 Rc8 12. Qe2 Qd6 13. Rfd1 Rfd8 14. Bb1 Qf4 15.
cxd5 exd5 16. g3 Qh6 17. Bf5 Rb8 18. Rc2 g6 19. Bc1 Qf8 20. Bh3 Re8 21. Bf4 Bd6
22. Qd2 Nb4 23. Rcc1 Ne4 24. Nxe4 dxe4 25. Ne5 Bxe5 26. Bxe5 Rbd8 27. Bf6 Rd6
28. Qxb4 1/2-1/2

[Event "Lichtenberger Sommer"]
[Site "Berlin"]
[Date "2009.08.21"]
[Round "7.17"]
[White "Gräfe, Charly"]
[Black "Neffe, Axel"]
[Result "1-0"]
[WhiteElo "1889"]
[BlackElo "2235"]
[PlyCount "65"]
[EventDate "2009.??.??"]
[WhiteTeam "SF Friedrichshagen"]
[BlackTeam "Queer-Springer SSV Berlin"]

1. e4 c5 2. Nc3 Nc6 3. g3 g6 4. Bg2 Bg7 5. d3 Rb8 6. Be3 b5 7. Qd2 b4 8. Nd1
Qa5 9. Ne2 Nd4 10. O-O e6 11. c3 Nb3 12. axb3 Qxa1 13. Bxc5 bxc3 14. Ndxc3 Qa5
15. b4 Qc7 16. Ra1 a6 17. e5 Bxe5 18. d4 Bf6 19. Ne4 Be7 20. Bxe7 Kxe7 21. d5
exd5 22. Nf4 Bb7 23. Nxd5+ Bxd5 24. Qxd5 Rb6 25. Ng5 Nh6 26. Re1+ Kf8 27. Qd4
f6 28. Qe3 Qd8 29. Qc5+ d6 30. Ne6+ Kg8 31. Qd5 Qd7 32. Nc5+ Qf7 33. Re8+ 1-0

[Event "Lichtenberger Sommer"]
[Site "Berlin"]
[Date "2009.08.21"]
[Round "7.18"]
[White "Reiche, Henry"]
[Black "Rietze, Clemens"]
[Result "0-1"]
[WhiteElo "2012"]
[BlackElo "2192"]
[PlyCount "82"]
[EventDate "2009.??.??"]
[WhiteTeam "SV Berolina Mitte e.V."]
[BlackTeam "USV Potsdam e.V., Abt. Schach"]

1. e4 e5 2. Nf3 Nc6 3. Bb5 a6 4. Ba4 Nf6 5. O-O b5 6. Bb3 Be7 7. Re1 d6 8. c3
O-O 9. h3 Bb7 10. d4 Re8 11. d5 Na5 12. Bc2 c6 13. dxc6 Bxc6 14. Nbd2 h6 15.
Nf1 Bf8 16. Ng3 g6 17. b3 Qc7 18. Bd2 Bg7 19. Rc1 d5 20. exd5 Nxd5 21. Be4 Rad8
22. c4 bxc4 23. Qe2 f5 24. Bxd5+ Bxd5 25. Nh4 Bf7 26. Nhxf5 gxf5 27. Nxf5 Nc6
28. Nxh6+ Bxh6 29. Bxh6 Rd6 30. Bg5 Nd4 31. Qe4 c3 32. Qh4 Rg6 33. Kh1 Qc6 34.
f3 Bd5 35. Qg4 Nxf3 36. h4 Kg7 37. Re3 Rxg5 38. Qb4 Nxh4 39. Rcxc3 Nxg2 40. Rg3
Ne3+ 41. Kg1 Rxg3+ 0-1

[Event "Lichtenberger Sommer"]
[Site "Berlin"]
[Date "2009.08.21"]
[Round "7.19"]
[White "Rohde, Wolfgang"]
[Black "Sabrowski, Uwe"]
[Result "0-1"]
[WhiteElo "2179"]
[BlackElo "2127"]
[PlyCount "24"]
[EventDate "2009.??.??"]
[WhiteTeam "SC Friesen Lichtenberg e.V."]
[BlackTeam "SC Friesen Lichtenberg e.V."]

1. d4 f5 2. Bg5 g6 3. Nc3 Bg7 4. e4 fxe4 5. f3 Nc6 6. d5 Ne5 7. Nxe4 Nf7 8. Bc1
c6 9. Bc4 cxd5 10. Qxd5 e6 11. Nd6+ Nxd6 12. Qxd6 Qh4+ 0-1

[Event "Lichtenberger Sommer"]
[Site "Berlin"]
[Date "2009.08.21"]
[Round "7.20"]
[White "Schüler, Wolfgang"]
[Black "Schnitzer, Peter"]
[Result "1/2-1/2"]
[WhiteElo "1998"]
[BlackElo "2183"]
[PlyCount "103"]
[EventDate "2009.??.??"]
[WhiteTeam "SC Friesen Lichtenberg e.V."]
[BlackTeam "SC Kreuzberg e.V."]

1. e4 c5 2. Nc3 d6 3. g3 Nc6 4. Bg2 g6 5. d3 Bg7 6. f4 e6 7. Nf3 Nge7 8. O-O
O-O 9. Ne2 Rb8 10. c3 b5 11. a3 a5 12. Qc2 b4 13. axb4 axb4 14. Be3 Qb6 15. Bf2
Ba6 16. Rad1 Rfc8 17. c4 b3 18. Qd2 Nb4 19. Nc3 Nc2 20. Rb1 Nc6 21. g4 Bb7 22.
f5 Rd8 23. Bh4 Rd7 24. f6 Bf8 25. Bg5 Qd8 26. Qf4 h6 27. Bh4 N6d4 28. g5 Kh7
29. gxh6 Nxf3+ 30. Bxf3 Bxh6 31. Bg5 Bxg5 32. Qxg5 Qf8 33. Kf2 Qh6 34. h4 Bc6
35. Rh1 Ra7 36. Rhc1 Rba8 37. Bd1 Nd4 38. Bg4 Ra5 39. Bd1 R8a7 40. Bg4 Ra8 41.
Rh1 Bd7 42. Rhd1 Nc6 43. Rg1 Ne5 44. Be2 Bc6 45. Ke3 Bd7 46. Rgd1 R5a6 47. Rg1
Nc6 48. Bg4 Nd4 49. Rgf1 Bc6 50. Rfd1 Rh8 51. Rg1 Rd8 52. Rgf1 1/2-1/2

[Event "Lichtenberger Sommer"]
[Site "Berlin"]
[Date "2009.08.21"]
[Round "7.21"]
[White "Brüning, Wolfgang"]
[Black "Badestein, Hartmut"]
[Result "1/2-1/2"]
[WhiteElo "1946"]
[BlackElo "2182"]
[PlyCount "40"]
[EventDate "2009.??.??"]
[WhiteTeam "Queer-Springer SSV Berlin"]
[BlackTeam "SC Friesen Lichtenberg e.V."]

1. d4 Nf6 2. c4 e6 3. g3 d5 4. Bg2 Be7 5. Nf3 O-O 6. O-O c6 7. Qc2 Nbd7 8. b3
b6 9. Nbd2 Bb7 10. e4 dxe4 11. Nxe4 c5 12. Nxf6+ Nxf6 13. Rd1 cxd4 14. Nxd4
Bxg2 15. Kxg2 Qc8 16. Bb2 Rd8 17. Qe2 Qb7+ 18. f3 Bc5 19. Rd3 Bxd4 20. Bxd4 Qe7
1/2-1/2

[Event "Lichtenberger Sommer"]
[Site "Berlin"]
[Date "2009.08.21"]
[Round "7.22"]
[White "Püschel, Werner"]
[Black "Penne, Bo"]
[Result "1/2-1/2"]
[WhiteElo "2167"]
[BlackElo "2000"]
[PlyCount "106"]
[EventDate "2009.??.??"]
[WhiteTeam "SG Lasker Steglitz-Wilmersdorf"]
[BlackTeam "USV Potsdam e.V., Abt. Schach"]

1. a3 d5 2. Nf3 Nf6 3. g3 e6 4. Bg2 Be7 5. d3 O-O 6. O-O b6 7. b4 Bb7 8. Bb2
Nbd7 9. Nbd2 c5 10. b5 d4 11. Nc4 Qc7 12. e4 dxe3 13. fxe3 Ng4 14. Nfd2 f5 15.
Bxb7 Qxb7 16. h3 Qc7 17. Qf3 Ngf6 18. Kg2 Rac8 19. e4 Ne8 20. exf5 Rxf5 21. Qe4
Rxf1 22. Rxf1 Nf8 23. Qg4 Qd7 24. a4 Ng6 25. Ne4 Nd6 26. Nexd6 Bxd6 27. h4 Bf8
28. h5 Nh8 29. Ne5 Qe7 30. Rf3 Rd8 31. c4 Qd6 32. Qe4 Rc8 33. Ng4 Nf7 34. Rxf7
Kxf7 35. Qxh7 Ke8 36. Qg6+ Kd7 37. Be5 Qe7 38. h6 gxh6 39. Nf6+ Kd8 40. Ne4 Qe8
41. Qh7 Qh5 42. Bf6+ Ke8 43. Qg8 Qe2+ 44. Kh3 Qf1+ 45. Kh4 Qh1+ 46. Kg4 Qd1+
47. Kf4 Qf1+ 48. Ke3 Qe1+ 49. Kf3 Qd1+ 50. Kf2 Qc2+ 51. Kg1 Qd1+ 52. Kg2 Qe2+
53. Kh3 Qf1+ 1/2-1/2

[Event "Lichtenberger Sommer"]
[Site "Berlin"]
[Date "2009.08.21"]
[Round "7.23"]
[White "Poseck, Steffen"]
[Black "Walter, Günter"]
[Result "1/2-1/2"]
[WhiteElo "2105"]
[BlackElo "2042"]
[PlyCount "87"]
[EventDate "2009.??.??"]
[WhiteTeam "BSV 63 Chemie Weißensee"]
[BlackTeam "TSG Oberschöneweide e.V."]

1. c4 e5 2. Nc3 Bb4 3. g3 Bxc3 4. dxc3 d6 5. Bg2 Ne7 6. e4 O-O 7. Ne2 Nbc6 8.
O-O Bg4 9. h3 Be6 10. b3 Qc8 11. g4 h5 12. f3 a5 13. Be3 a4 14. Kh2 axb3 15.
axb3 hxg4 16. hxg4 Rxa1 17. Qxa1 Ng6 18. Kg3 Qa8 19. Rh1 Qxa1 20. Rxa1 b6 21.
Nc1 Rb8 22. Bf1 Na5 23. Ra3 Nf8 24. Bf2 g5 25. Nd3 Nc6 26. Nb2 Kg7 27. Nd1 Ng6
28. Ne3 Nf4 29. Nd5 Rb7 30. Kh2 f6 31. Be3 Ng6 32. Kg1 Nge7 33. b4 Ng6 34. Ra8
Nh4 35. Kf2 Bxd5 36. cxd5 Ra7 37. Rxa7 Nxa7 38. c4 Nc8 39. c5 bxc5 40. bxc5
dxc5 41. Bxc5 Ng6 42. Bb4 Nge7 43. Ba5 c6 44. dxc6 1/2-1/2

[Event "Lichtenberger Sommer"]
[Site "Berlin"]
[Date "2009.08.21"]
[Round "7.24"]
[White "Lerch, Philipp"]
[Black "Zschäbitz, Klaus"]
[Result "0-1"]
[WhiteElo "1905"]
[BlackElo "2101"]
[PlyCount "68"]
[EventDate "2009.??.??"]
[WhiteTeam "TuS Makkabi Berlin e.V."]
[BlackTeam "BSG 1827 Eckbauer e.V."]

1. e4 e6 2. d4 d5 3. Nc3 Bb4 4. exd5 exd5 5. Bd3 Nc6 6. a3 Ba5 7. Be3 Nf6 8.
Qd2 Ne7 9. O-O-O O-O 10. f3 Bf5 11. g4 Bxd3 12. Qxd3 c6 13. Nge2 b5 14. Na2 Bc7
15. Ng3 a5 16. Bg5 Qd6 17. Rdg1 Rfe8 18. h4 Nd7 19. Ne2 Nf8 20. h5 Qd7 21. Bd2
Bd6 22. f4 b4 23. a4 c5 24. b3 c4 25. Qf3 Nc6 26. h6 g6 27. f5 Rxe2 28. Qxe2
Re8 29. Qf2 Re4 30. Be3 g5 31. Rd1 Rxe3 32. Rhe1 Rxe1 33. Rxe1 cxb3 34. cxb3
Qc7 0-1

[Event "Lichtenberger Sommer"]
[Site "Berlin"]
[Date "2009.08.21"]
[Round "7.25"]
[White "Ozeran, Volodymyr"]
[Black "Jachym, Adam"]
[Result "1-0"]
[WhiteElo "2064"]
[BlackElo "1583"]
[PlyCount "80"]
[EventDate "2009.??.??"]
[WhiteTeam "SK Dessau 93 e. V."]
[BlackTeam "OKSz Spolem Opole"]

1. d4 d5 2. c4 c6 3. e3 g6 4. Nc3 Bg7 5. Nf3 Nf6 6. Bd3 Nbd7 7. O-O O-O 8. Qc2
Qc7 9. cxd5 cxd5 10. Qb3 Nb6 11. Nb5 Qd8 12. Bd2 a6 13. Na3 a5 14. Rac1 Ne4 15.
Be1 Bd7 16. Nb5 Bc6 17. Ne5 Bxe5 18. dxe5 Nd7 19. f4 Ndc5 20. Qa3 Qb6 21. Bxe4
Bxb5 22. Rxc5 Bxf1 23. Bxd5 Rfc8 24. Rxc8+ Rxc8 25. Bxa5 Qa6 26. Bb4 Qb5 27.
Bf3 Bd3 28. Bxe7 Bf5 29. Kf2 Qc4 30. Bb4 Qc2+ 31. Kg3 h5 32. Bc3 h4+ 33. Kxh4
Qf2+ 34. Kg5 Qxe3 35. Bxb7 Rf8 36. Bb4 Qe2 37. Bf3 f6+ 38. exf6 Qb5 39. Bxf8
Be6+ 40. Qc5 Qd7 1-0

[Event "Lichtenberger Sommer"]
[Site "Berlin"]
[Date "2009.08.21"]
[Round "7.26"]
[White "Keil, Uwe"]
[Black "Bandlow, Matthias"]
[Result "1-0"]
[WhiteElo "2141"]
[BlackElo "1997"]
[PlyCount "41"]
[EventDate "2009.??.??"]
[WhiteTeam "SC Friesen Lichtenberg e.V."]
[BlackTeam "SC Borussia Friedrichsfelde 1920"]

1. c4 Nf6 2. Nc3 d5 3. cxd5 Nxd5 4. g3 e6 5. Bg2 Be7 6. Nf3 O-O 7. O-O c5 8. e4
Nxc3 9. bxc3 b6 10. d4 Bb7 11. Re1 cxd4 12. cxd4 Nd7 13. Bb2 Nf6 14. Ne5 Rc8
15. Qa4 a6 16. Rad1 b5 17. Qb3 Rc7 18. d5 exd5 19. exd5 Bc5 20. Nc6 Qd6 21. Be5
1-0

[Event "Lichtenberger Sommer"]
[Site "Berlin"]
[Date "2009.08.21"]
[Round "7.27"]
[White "Hohn, August"]
[Black "Reichenbach, Werner"]
[Result "0-1"]
[WhiteElo "2069"]
[BlackElo "2297"]
[PlyCount "95"]
[EventDate "2009.??.??"]
[WhiteTeam "SC Zugzwang 95 e.V."]
[BlackTeam "SK Zehlendorf e.V."]

1. Nf3 d5 2. d4 Nf6 3. g3 Bf5 4. Bg2 h6 5. c4 c6 6. Nc3 e6 7. O-O Nbd7 8. Re1
Be7 9. Nd2 O-O 10. e4 dxe4 11. Ndxe4 Nxe4 12. Bxe4 Bxe4 13. Nxe4 Nf6 14. Nc3
Qb6 15. Na4 Qa6 16. b3 Rad8 17. Bb2 b5 18. cxb5 cxb5 19. Qe2 Nd5 20. Nc5 Qb6
21. Rac1 Rfe8 22. Nd3 b4 23. Ne5 Bf6 24. Rc6 Qb7 25. Qa6 Qxa6 26. Rxa6 Bxe5 27.
dxe5 Rc8 28. Re2 Rc7 29. Bd4 Ree7 30. a3 Red7 31. axb4 Nf4 32. gxf4 Rxd4 33.
Ra4 Rxf4 34. b5 Rf3 35. Rb2 Rc5 36. Kg2 Rd3 37. Rxa7 Rxb5 38. b4 Rd4 39. Ra5
Rbxb4 40. Rxb4 Rxb4 41. Kg3 g5 42. Ra3 Re4 43. Ra5 Kg7 44. f3 Rd4 45. Ra1 Kg6
46. Ra2 Rd5 47. h4 Rxe5 48. hxg5 0-1

[Event "Lichtenberger Sommer"]
[Site "Berlin"]
[Date "2009.08.21"]
[Round "7.28"]
[White "Behrmann, Joachim"]
[Black "Schmidt, Jürgen"]
[Result "1-0"]
[WhiteElo "2216"]
[BlackElo "2035"]
[PlyCount "82"]
[EventDate "2009.??.??"]
[WhiteTeam "SK Zehlendorf e.V."]
[BlackTeam "SC Kreuzberg e.V."]

1. d4 d5 2. c4 c6 3. Nc3 Nf6 4. e3 e6 5. Nf3 Nbd7 6. Bd3 dxc4 7. Bxc4 b5 8. Bd3
Bb7 9. O-O a6 10. e4 c5 11. d5 c4 12. Bc2 Nc5 13. Qe2 Qb8 14. Be3 Ng4 15. Bd2
Bd6 16. h3 Nh2 17. Rfe1 Nxf3+ 18. Qxf3 Qc7 19. Qg4 O-O-O 20. f4 h5 21. Qf3 e5
22. f5 Kb8 23. Kh1 g6 24. Nd1 gxf5 25. Qxf5 Bc8 26. Qf2 Rhg8 27. Ne3 Rg7 28.
Nf5 Bxf5 29. Qxf5 Rdg8 30. Re2 h4 31. a4 Nd3 32. axb5 axb5 33. Ra5 Qb7 34. Bxd3
cxd3 35. Rf2 Bc7 36. Ra3 Rg3 37. Ba5 d2 38. Bxd2 Rxa3 39. bxa3 Bd6 40. Bb4 Bxb4
41. Qxe5+ Qc7 1-0

[Event "Lichtenberger Sommer"]
[Site "Berlin"]
[Date "2009.08.21"]
[Round "7.29"]
[White "Jabbusch, Burkhard"]
[Black "Kapp, Martin"]
[Result "0-1"]
[WhiteElo "2017"]
[BlackElo "2134"]
[PlyCount "76"]
[EventDate "2009.??.??"]
[WhiteTeam "FHSG Stralsund"]
[BlackTeam "TSV IFA Chemnitz"]

1. f4 d5 2. Nf3 c5 3. e3 g6 4. d4 Bg7 5. c3 Nf6 6. Bd3 Qc7 7. Nbd2 cxd4 8. Nxd4
Nbd7 9. O-O Nc5 10. Bb5+ Bd7 11. Qe2 O-O 12. Bxd7 Qxd7 13. N2f3 Nfe4 14. Rd1
Nd6 15. Nb3 Nxb3 16. axb3 Qc6 17. g3 e6 18. Bd2 Qb6 19. Ra3 Rfc8 20. b4 a6 21.
Rc1 Rc4 22. Kg2 Rac8 23. Raa1 Qb5 24. Ra5 Qe8 25. Qd3 h6 26. Raa1 Ne4 27. Be1
g5 28. h3 f5 29. fxg5 Nxg5 30. Nxg5 hxg5 31. Bf2 Be5 32. Ra5 Rxb4 33. Rc2 Ra4
34. Rxa4 Qxa4 35. Qe2 Qe4+ 36. Kg1 Rc7 37. Rd2 Rh7 38. Kh2 Rxh3+ 0-1

[Event "Lichtenberger Sommer"]
[Site "Berlin"]
[Date "2009.08.21"]
[Round "7.30"]
[White "Elsing, Jan"]
[Black "Schneider, Hans-Joachim"]
[Result "0-1"]
[WhiteElo "2151"]
[BlackElo "2045"]
[PlyCount "94"]
[EventDate "2009.??.??"]
[WhiteTeam "SC Friesen Lichtenberg e.V."]
[BlackTeam "Schachpinguine Berlin e.V."]

1. d4 Nf6 2. Nf3 d5 3. c4 c6 4. Nc3 e6 5. cxd5 exd5 6. Bg5 Nbd7 7. e3 Be7 8.
Qc2 h6 9. Bh4 O-O 10. Bd3 Re8 11. Nd2 Nf8 12. Bxf6 Bxf6 13. O-O Bg4 14. b4 Qd6
15. Rab1 Nd7 16. a4 b6 17. Rfc1 a6 18. h3 Be6 19. Ne2 Rec8 20. Nb3 Qf8 21. Nf4
Be7 22. Qe2 Bxb4 23. Bxa6 Rc7 24. Ra1 Bd6 25. Nxe6 fxe6 26. Bd3 c5 27. Bb5 c4
28. Nd2 Nb8 29. Nb1 Na6 30. e4 Qf4 31. Qc2 Qh2+ 32. Kf1 Nb4 33. Qd1 Qh1+ 34.
Ke2 Qxg2 35. Qh1 Qg5 36. Nc3 Nd3 37. Rg1 Nf4+ 38. Kd2 Ng2+ 39. Kc2 Ne3+ 40. Kd2
Nf1+ 41. Ke2 Qd2+ 42. Kxf1 Qxc3 43. Kg2 Qxd4 44. Rge1 Rf8 45. Ra2 Rcf7 46. Ree2
Bc5 47. Qe1 Qd3 0-1

[Event "Lichtenberger Sommer"]
[Site "Berlin"]
[Date "2009.08.21"]
[Round "7.31"]
[White "Wasem, Ralph"]
[Black "Davydov, Ruven"]
[Result "0-1"]
[WhiteElo "2133"]
[BlackElo "1932"]
[PlyCount "111"]
[EventDate "2009.??.??"]
[WhiteTeam "SK Landau"]
[BlackTeam "TuS Makkabi Berlin e.V."]

1. e4 e5 2. Nf3 Nc6 3. Bc4 Be7 4. c3 Nf6 5. d3 d6 6. Nbd2 O-O 7. Nf1 Na5 8. Ng3
Nxc4 9. dxc4 Be6 10. Qe2 Nd7 11. Nf5 Nc5 12. g4 c6 13. h4 d5 14. exd5 Bxf5 15.
gxf5 e4 16. Nd4 Nd3+ 17. Kf1 cxd5 18. Qg4 Bf6 19. Bg5 Ne5 20. Qg3 Nxc4 21. Rg1
Kh8 22. Ne2 Bxg5 23. hxg5 Nd2+ 24. Kg2 Nf3 25. Kh3 Nxg1+ 26. Rxg1 Qd7 27. Nd4
Rae8 28. Kg2 f6 29. Kf1 fxg5 30. Qxg5 h6 31. Rh1 Qe7 32. Qg4 Qf6 33. Rh2 Re5
34. Ne6 Rxf5 35. Nxf8 Qxf8 36. Ke2 Rg5 37. Qh3 Qf4 38. Rh1 Rf5 39. Qg2 Kg8 40.
Rd1 h5 41. c4 Qf3+ 42. Qxf3 exf3+ 43. Ke3 dxc4 44. Rd8+ Kh7 45. Ke4 Rf6 46. Rc8
Rb6 47. Rxc4 Rxb2 48. Kxf3 Rxa2 49. Kg3 a6 50. f4 b5 51. Rc5 g6 52. Rc7+ Kh6
53. Rc6 Ra3+ 54. Kh4 Ra4 55. Kg3 Ra3+ 56. Kh4 0-1

[Event "Lichtenberger Sommer"]
[Site "Berlin"]
[Date "2009.08.21"]
[Round "7.32"]
[White "Rozov, Boris"]
[Black "Muskewitz, Bernd"]
[Result "1-0"]
[WhiteElo "2138"]
[BlackElo "2004"]
[PlyCount "45"]
[EventDate "2009.??.??"]
[WhiteTeam "vereinslos"]
[BlackTeam "TSG Oberschöneweide e.V."]

1. d4 d5 2. Nc3 c5 3. e4 dxe4 4. d5 Nf6 5. Bf4 a6 6. f3 e3 7. Qd3 g6 8. O-O-O
Bg7 9. Qxe3 Qa5 10. Bd6 e6 11. Bxc5 Nbd7 12. Ba3 Nb6 13. Bc5 Nbxd5 14. Nxd5
Nxd5 15. Rxd5 Qxa2 16. Rd1 Bxb2+ 17. Kd2 Bd7 18. Qb3 Qa5+ 19. Qb4 Qxb4+ 20.
Bxb4 O-O-O 21. Ba5 Bb5+ 22. Bxd8 Rxd8+ 23. Bd3 1-0

[Event "Lichtenberger Sommer"]
[Site "Berlin"]
[Date "2009.08.21"]
[Round "7.33"]
[White "Knebel, Lothar"]
[Black "Hertwig, Christopher"]
[Result "1-0"]
[WhiteElo "1789"]
[BlackElo "2063"]
[PlyCount "135"]
[EventDate "2009.??.??"]
[WhiteTeam "SV Oberkochen"]
[BlackTeam "SK König Tegel 1949 e.V."]

1. c4 Nf6 2. Nc3 d5 3. cxd5 Nxd5 4. e4 Nxc3 5. bxc3 g6 6. Nf3 Bg7 7. Bc4 c5 8.
O-O Nc6 9. a4 O-O 10. h3 Na5 11. Ba2 c4 12. Ba3 Qc7 13. Qe2 Rd8 14. Bb4 Nc6 15.
Ba3 Qf4 16. Qe3 Qxe3 17. fxe3 Be6 18. Nd4 Bh6 19. Rf2 Nxd4 20. exd4 f5 21. exf5
gxf5 22. Bxe7 Rd7 23. Bh4 f4 24. Re1 Bd5 25. Re5 Rf8 26. Rxd5 Rxd5 27. Bxc4
Rff5 28. g4 Kg7 29. Bxd5 Rxd5 30. Re2 f3 31. Re5 Rxe5 32. dxe5 Bxd2 33. c4 Be3+
34. Bf2 Bf4 35. Bxa7 Bxe5 36. Kf2 Kf7 37. Kxf3 Ke6 38. Ke4 Bg3 39. Bd4 Bh2 40.
Be3 Be5 41. c5 Bf6 42. a5 Kd7 43. Kf5 Bc3 44. Kg5 Bg7 45. h4 Kc6 46. h5 Kb5 47.
Kf5 Kxa5 48. Ke6 Kb5 49. Kd5 h6 50. g5 hxg5 51. Bxg5 Bf8 52. Be3 Ka6 53. h6
Bxh6 54. Bxh6 Ka7 55. Kd6 Kb8 56. Bf4 Ka8 57. Kc7 Ka7 58. Kc8 Ka8 59. Bb8 b5
60. Be5 b4 61. c6 b3 62. c7 b2 63. Bxb2 Ka7 64. Kd7 Kb6 65. c8=Q Ka5 66. Qb7
Ka4 67. Bc3 Ka3 68. Qb4+ 1-0

[Event "Lichtenberger Sommer"]
[Site "Berlin"]
[Date "2009.08.21"]
[Round "7.34"]
[White "Hahlbohm, Matthias"]
[Black "Just, Detlef"]
[Result "0-1"]
[WhiteElo "2084"]
[BlackElo "1932"]
[PlyCount "120"]
[EventDate "2009.??.??"]
[WhiteTeam "TSG Oberschöneweide e.V."]
[BlackTeam "SC Zugzwang 95 e.V."]

1. e4 g6 2. d4 d6 3. Nc3 Bg7 4. Be3 Nf6 5. f3 O-O 6. Qd2 e5 7. d5 Ne8 8. g4
Qh4+ 9. Bf2 Qe7 10. O-O-O a6 11. h4 b5 12. h5 b4 13. Nce2 c5 14. Ng3 a5 15. Be3
a4 16. hxg6 fxg6 17. Qh2 Bh8 18. Kb1 b3 19. cxb3 a3 20. bxa3 Rxa3 21. Bc1 Ra7
22. Be2 Ba6 23. Nh3 Bxe2 24. Qxe2 Na6 25. Ng5 Nf6 26. Rh2 Nb4 27. Qc4 Rfa8 28.
a4 Qb7 29. Bb2 Qa6 30. Qc3 Rb7 31. Nf1 c4 32. Qxc4 Qxc4 33. bxc4 Rxa4 34. Ne3
Na2 35. Rdh1 Nc3+ 36. Kc2 Na2 37. Ne6 Rab4 38. Bc3 Nxc3 39. Kxc3 Rb3+ 40. Kd2
Rb2+ 41. Nc2 R7b4 42. c5 dxc5 43. g5 Nh5 44. d6 Kf7 45. d7 Kxe6 46. d8=Q Rd4+
47. Qxd4 exd4 48. Ra1 Be5 49. Ra6+ Kd7 50. Rh1 c4 51. Ra7+ Kc8 52. Rha1 c3+ 53.
Kd3 Nf4+ 54. Kc4 Rxc2 55. Re7 Bb8 56. Rh1 Bd6 57. Rexh7 Rb2 58. Kxd4 c2 59. Rf7
Ne2+ 60. Kd5 Bc7 0-1

[Event "Lichtenberger Sommer"]
[Site "Berlin"]
[Date "2009.08.21"]
[Round "7.35"]
[White "Neumann, Joachim"]
[Black "Scheide, Helmut"]
[Result "1-0"]
[WhiteElo "2191"]
[BlackElo "1971"]
[PlyCount "63"]
[EventDate "2009.??.??"]
[WhiteTeam "Kieler SG von 1884 / Meerbauer"]
[BlackTeam "USV Potsdam e.V., Abt. Schach"]

1. e4 e5 2. Nf3 Nc6 3. Bb5 a6 4. Ba4 Nf6 5. O-O Be7 6. Re1 b5 7. Bb3 O-O 8. c3
d5 9. exd5 Nxd5 10. Nxe5 Nxe5 11. Rxe5 Nf6 12. d4 Bd6 13. Re2 Ng4 14. h3 Qh4
15. Qd3 Bd7 16. Nd2 Bh2+ 17. Kf1 Bf4 18. Nf3 Nh2+ 19. Kg1 Nxf3+ 20. Qxf3 Bd6
21. Bxf7+ Kh8 22. Qh5 Qf6 23. Bd5 Rae8 24. Be3 g6 25. Qh6 c6 26. Bf3 Bc7 27.
Bg4 Qd6 28. g3 Bxg4 29. hxg4 Rf3 30. Bf4 Rxe2 31. Bxd6 Bxd6 32. Rf1 1-0

[Event "Lichtenberger Sommer"]
[Site "Berlin"]
[Date "2009.08.21"]
[Round "7.36"]
[White "Wege, Hermann"]
[Black "Handel, Horst"]
[Result "0-1"]
[WhiteElo "1965"]
[BlackElo "2127"]
[PlyCount "60"]
[EventDate "2009.??.??"]
[WhiteTeam "Schachclub Rathenow e.V."]
[BlackTeam "SC Friesen Lichtenberg e.V."]

1. Nf3 f5 2. g3 Nf6 3. Bg2 d5 4. d3 c5 5. O-O Nc6 6. Nbd2 e5 7. e4 fxe4 8. dxe4
d4 9. Nc4 Qc7 10. Nfxe5 Nxe5 11. Bf4 Bd6 12. Bxe5 Bxe5 13. f4 Bg4 14. Qd3 Bxf4
15. Rxf4 Be6 16. b3 O-O-O 17. a3 b5 18. Nd2 c4 19. Qf1 Ng4 20. Bh3 h5 21. Bxg4
hxg4 22. bxc4 bxc4 23. Rb1 Qc5 24. Kh1 d3 25. cxd3 Rxd3 26. Qe2 Rxg3 27. Rc1
Re3 28. Qf1 Reh3 29. Qg2 g3 30. Nf3 Rxh2+ 0-1

[Event "Lichtenberger Sommer"]
[Site "Berlin"]
[Date "2009.08.21"]
[Round "7.37"]
[White "Wirp, Hans-Werner"]
[Black "Kapr, Klaus"]
[Result "0-1"]
[WhiteElo "1818"]
[BlackElo "2044"]
[PlyCount "74"]
[EventDate "2009.??.??"]
[WhiteTeam "SK Oschersleben 1948"]
[BlackTeam "SC Friesen Lichtenberg e.V."]

1. d4 d5 2. Nc3 Nf6 3. e4 dxe4 4. f3 Bf5 5. g4 Bg6 6. g5 Nd5 7. Nxe4 e6 8. c3
Be7 9. h4 h6 10. Bg2 Nc6 11. Ne2 e5 12. dxe5 Nxe5 13. Nd4 hxg5 14. Nxg5 Nd3+
15. Kf1 Qd6 16. Qd2 O-O-O 17. h5 Bxg5 18. Qxg5 Nxc1 19. hxg6 Rxh1+ 20. Bxh1
Qa6+ 21. Kg1 Nd3 22. gxf7 Nf6 23. Qxg7 Qd6 24. Rd1 Ne5 25. Rd2 Nfd7 26. Bg2 Rf8
27. Bh3 Rxf7 28. Bxd7+ Rxd7 29. Qh8+ Rd8 30. Qh3+ Nd7 31. Kf2 a6 32. Qg3 Qf6
33. Re2 Nc5 34. Qg4+ Kb8 35. Qf5 Qh4+ 36. Kf1 Rg8 37. Qxc5 Qh1+ 0-1